Accounting in perspective: contributions to accounting thought by other disciplines; : papers and discussions /

Guardat en:
Dades bibliogràfiques
Autor corporatiu: Accounting Colloquium University of Kansas, University of Kansas. School of Business, Arthur Young Foundation
Altres autors: Sterling, Robert R., 1931-, Bentz, William F.
Format: Actes de congresos Llibre
Idioma:English
Publicat: Cincinnati, Ohio : South-western Pub. Co., [1971].
Col·lecció:Editor's series
Matèries:
LEADER 01436cam a2200337 a 4500
001 c000184435
003 CARM
005 20050810145305.0
008 710414s1971 ohua b 100 0 eng
010 |a 71122443 
019 1 |a 554877  |z 12409549  |z 23857518  |z 60850712  |5 LACONCORD2021 
020 |a 0538076801 
035 |a (OCoLC)131621  |5 LACONCORD2021 
040 |a LC  |b eng  |c LC  |d LC 
050 0 0 |a HF5603  |b .A325 1969 
082 0 0 |a 657  |2 18 
111 2 |a Accounting Colloquium  |n (1st :,  |d 1969 :  |c University of Kansas) 
245 1 0 |a Accounting in perspective: contributions to accounting thought by other disciplines; :  |b papers and discussions /  |c edited by Robert R. Sterling and William F. Bentz. 
260 |a Cincinnati, Ohio :  |b South-western Pub. Co.,  |c [1971]. 
300 |a xii, 185 p. :  |b ill. ;  |c 24 cm. 
490 0 |a Editor's series 
500 |a "Cosponsored by the University of Kansas School of Business and the Arthur Young Foundation." 
504 |a Includes bibliographies. 
650 0 |a Accounting  |v Congresses. 
700 1 |a Sterling, Robert R.,  |d 1931- 
700 1 |a Bentz, William F. 
710 2 |a University of Kansas.  |b School of Business. 
710 2 |a Arthur Young Foundation. 
852 8 |b CARM  |h A2:AP02E0  |i C07152  |p 0257490  |f BK 
999 f f |i 088ab157-a440-5094-be69-c9168f12a06c  |s f565223c-d247-5448-a71f-5f2dff8cad74 
952 f f |p Can circulate  |a CAVAL  |b CAVAL  |c CAVAL  |d CARM 1 Store  |e C07152  |f A2:AP02E0  |h Other scheme  |i book  |m 0257490